000 00475nam a2200169 i 4500
001 104266
003 ES-MaACL
005 20230906183545.0
007 t|
008 051125s1973 sp ||||1| spa d
100 1 _aMíguez, José Antonio.
_981053
245 1 3 _aLa tragedia y los trágicos griegos /
_cJosé Antonio Míguez.
250 _a[1ª ed.].
260 _aMadrid :
_bAguilar,
_c1973.
300 _a224 p., 3 h. ;
_c19 cm.
852 _aES-MaACL
_jC-55699
_bR.88450
999 _c104266
_d104266